00310nam a22000977a 4500008004100000082001700041100002800058245006100086260005600147300000900203230602b xxu||||| |||| 00| 0 eng d a155.933bKEC cWainainah Kiganyad2010 aTowards Healing and TranformationbLenten Campaign 2010 bKEC- Catholic Justice and Peace CommissionaNairobi a31 p